000 00236nam a22000977a 4500
999 _c2937
_d2937
008 190430e1982 ag ||||| |||| 00| 0 spa d
100 _aFabre, Jean
245 _aTerapeutica medica
260 _aBuenos Aires
_bEl Ateneo
_c1982
500 _3Baja